Missing Word: Hodge Podge II Quiz Stats

 Plays Quiz Updated Mar 5, 2016

Challenge
Share
Tweet
Embed
Score 0/16 Timer 02:00
0 Plays Today
Heading Missing Word % Correct
Everybody Loves ____Raymond
98.4%
____ Fu PandaKung
96.8%
_____ in the RyeCatcher
96.1%
The Grapes of ____Wrath
93.9%
Live and Let _____Die
90.6%
It's Always ____ in PhiladelphiaSunny
89.4%
_____ RhapsodyBohemian
83.5%
Hungry, Hungry ____Hippos
80.3%
Heading Missing Word % Correct
Maid in _____Manhattan
77.4%
I Dream of _____Jeannie
75.5%
Unchained ____Melody
68.3%
The _____ of the BaskervillesHound
60.6%
____ Bourdain: No ReservationsAnthony
48.3%
____ ShruggedAtlas
45.2%
____ Prison BluesFolsom
41.8%
X-Men: First ____Class
38%

Today's Daily Dose

Missing Word
TV HA - HZ

Word Ladder
Nordic Capital

On This Day
January 19th II

You're not logged in!

Compare scores with friends on all Sporcle quizzes.
OR
Log In

You Might Also Like...

Show Comments

Extras

Top Quizzes Today


Score Distribution

Your Account Isn't Verified!

In order to create a playlist on Sporcle, you need to verify the email address you used during registration. Go to your Sporcle Settings to finish the process.

Report this User

Report this user for behavior that violates our Community Guidelines.

Details: